000
00323nam a2200133Ia 4500
008
150201s2004 xx 000 0 und d
082
_a
615
_b
E04S
100
_a
SINGH,SURENDER
245
_a
ESSENTIALS OF PHARMACOLOGY
250
_a
1ST
260
_b
ACADEMA PUB.
_a
DELHI
_c
2004
650
_a
PHARMACOLOGY
942
_2
ddc
_c
BK
_0
29
999
_c
660
_d
660